banner koha

Clinical applicability of natural product(s)-containing mouthwashes as adjunctive treatment of biofilm-induced gingivitis: a systematic review (Registro n. 298923)

MARC details
000 -LÍDER
fixed length control field 05188nab a2200301 i 4500
003 - CÓDIGO MARC DA AGÊNCIA CATALOGADORA
Campo de controle BR-BrBNA
005 - DATA E HORA DA ÚLTIMA ATUALIZAÇÃO
Campo de controle 20240325152714.0
008 - CAMPO DE TAMANHO FIXO
fixed length control field 240325b2012 bl.qr|pooa||| 00| 0 eng |
040 ## - FONTE DA CATALOGAÇÃO
Agência catalogadora BR-BrBNA
Idioma da catalogação eng
072 ## - CATEGORIA AGRIS
Código AGRIS C30
100 ## - ENTRADA PRINCIPAL - NOME PESSOAL
Nome pessoal Freires, I.A.
100 ## - ENTRADA PRINCIPAL - NOME PESSOAL
Nome pessoal Silva, I.C.G.
100 ## - ENTRADA PRINCIPAL - NOME PESSOAL
Nome pessoal Alves, L.A.
100 ## - ENTRADA PRINCIPAL - NOME PESSOAL
Nome pessoal Bezerra, L.M.D.
100 ## - ENTRADA PRINCIPAL - NOME PESSOAL
Nome pessoal Castro, R.D.
245 ## - TÍTULO PRINCIPAL
Título principal Clinical applicability of natural product(s)-containing mouthwashes as adjunctive treatment of biofilm-induced gingivitis: a systematic review
500 ## - NOTA GERAL
Nota geral Publicação on-line; Bibliography p. 710-711 (55 ref.); 4 tables; 1 illus.; Summaries (En, Pt)
942 ## - ADDED ENTRY ELEMENTS (KOHA)
Koha item type
520 ## - NOTA DE RESUMO
Nota de conteúdo <br/>RESUMO: <br/><br/>Aplicabilidade clínica de colutórios à base de produtos naturais como<br/>tratamento adjuvante da gengivite induzida por biofilme: uma revisão sistemática. Os<br/>produtos naturais têm surgido como alternativa eficaz e de baixo custo para o tratamento de<br/>várias doenças da cavidade oral. Objetivou-se avaliar, a partir de revisão sistemática da literatura,<br/>se há evidências científicas garantindo a utilização segura e eficaz de antissépticos bucais<br/>contendo produto(s) natural(is) como tratamento adjuvante da gengivite induzida por biofilme.<br/>Foram realizadas buscas nas bases de dados Medline, SciELO, LILACS e Cochrane Library,<br/>através de combinações usando as palavras-chave gengivite/produtos naturais/ fitoterápicos/<br/>bochechos, em Inglês, Português e Espanhol. Consideraram-se os estudos publicados até<br/>setembro de 2010. Quatro examinadores analisaram separadamente: desenho e fase do estudo,<br/>qualidade metodológica (escala de Jadad - EJ), produto experimental e a concentração, intervalo<br/>de administração e tempo de uso, bem como a análise estatística empregada e os resultados<br/>clínicos de interesse. Foram encontrados 503 artigos dos quais 08 foram incluídos na revisão<br/>final como sendo ensaios clínicos fase II, controlados, randomizados e cegos, marcando 4 (25%)<br/>e 5 (75%) na EJ. Os principais produtos naturais avaliados foram Azadirachta indica, Garcinia<br/>mangostana, Lippia sidoides, Salvadora persica e Sesamum indicum, cuja concentração, intervalo<br/>de administração, tempo de uso, e efeitos adversos, variaram de acordo com cada estudo. Índice<br/>de placa e Índice Gengival foram os mais utilizados, bem como =5% e testes t-pareado, tStudent, <br/>Wilcoxon e Mann-Whitney. 62,5% e 50% dos produtos reduziram significativamente a<br/>presença de bioflme supragengival e gengivite, respectivamente. Os colutórios contendo o óleo<br/>essencial das folhas de L. sidoides (1%) e o extrato das folhas de A. indica (25%) podem ser<br/>indicados como tratamento adjuvante da gengivite induzida por biofilme.<br/><br/>Palavras-chave: produtos naturais, gengivite, biofilmes, ensaios clínicos, enxaguatório bucal
520 ## - NOTA DE RESUMO
Nota de conteúdo <br/>ABSTRACT:<br/><br/>Natural products have emerged as an effective and low-cost alternative for treating<br/>various diseases of the oral cavity. This study aimed to evaluate, through a systematic literature<br/>review, if there is scientific evidence ensuring the safe and effective use of natural product(s)-<br/>containing mouthwashes as adjunctive treatment of biofilm-induced gingivitis. Searches were<br/>conducted in the databases Medline, SciELO, LILACS and Cochrane Library, by using combinations<br/>of the key words gingivitis/natural products/phytotherapy/mouthwash, in English, Portuguese and<br/>Spanish. Studies published until September 2010 were considered. Four examiners analyzed<br/>independently: study design and phase, methodological quality (Jadad scale - JE), experimental<br/>product and its concentration, dosing interval and time of usage, as well as employed statistical<br/>analysis and clinical outcome of interest. From the 503 articles found, 08 were included in the final<br/>review as phase II, controlled, randomized and blind clinical trials, scoring 4 (25%) and 5 (75%) in JE.<br/>The main natural products assessed were: Azadirachta indica, Garcinia mangostana, Lippia sidoides,<br/>Salvadora persica and Sesamum indicum whose concentration, dosing interval, time of usage and<br/>adverse effects varied according to each study. The Plaque and Gingival Index were most employed,<br/>as well as  = 5% and paired t, Student’s t, Wilcoxon and Mann-Whitney tests. A total of 62.5% and<br/>50% of the products significantly reduced supragingival biofilm and gingivitis, respectively. Mouthwashes<br/>containing the essential oil from the leaves of L. sidoides (1%) and the extract from the leaves of A.<br/>indica (25%) can be indicated as adjunctive treatment of biofilm-induced gingivitis.<br/><br/>Key words: natural products, gingivitis, biofilms, clinical trials, mouthrinse
650 ## - ASSUNTO - THESAGRO
Cabeçalho tópico ou nome geográfico BIOFILME
650 ## - ASSUNTO - THESAGRO
Cabeçalho tópico ou nome geográfico SAÚDE
650 ## - ASSUNTO - THESAGRO
Cabeçalho tópico ou nome geográfico TRATAMENTO
650 ## - ASSUNTO - THESAGRO
Cabeçalho tópico ou nome geográfico APARELHO DIGESTIVO
773 0# - ENTRADA ANALÍTICA
Host Biblionumber 3543
Registro do item 313930
Imprenta Botucatu-SP Instituto de Biociências - Departamento de Química e Bioquímica 1998
Outro identificador 2024-0201
Título Revista Brasileira de Plantas Medicinais (Brazil)
ISSN 1516-0572
Colação v. 14(4) p. 700-711; (2012)
Número de controle de registro BR2024000391
856 ## - ACESSO E ENDEREÇO ELETRÔNICO
Identificador uniforme de recurso - URI https://www.scielo.br/j/rbpm/a/DN8Gv5LDrZ88N5NwYXnGdGr/?format=pdf&lang=en

Nenhum exemplar disponível.

BINAGRI

Telefone: (61)3218-2567/2388/3357/2097 - binagri@agro.gov.br

Ministério da Agricultura e Pecuária , Esplanada dos Ministérios, Bloco D, Anexo B, Brasília/DF, CEP: 70.043-900